Normal view
MARC view
Entry Personal Name
001 - CONTROL NUMBER
- control field: 307333
003 - CONTROL NUMBER IDENTIFIER
- control field: DLC
005 - DATE AND TIME OF LATEST TRANSACTION
- control field: 20240802120746.0
008 - FIXED-LENGTH DATA ELEMENTS
- fixed length control field: 090212n| azannabbn |n aaa
010 ## - LIBRARY OF CONGRESS CONTROL NUMBER
- LC control number: n 2009009348
035 ## - SYSTEM CONTROL NUMBER
- System control number: (OCoLC)oca08014686
040 ## - CATALOGING SOURCE
- Original cataloging agency: DLC
- Language of cataloging: eng
- Description conventions: rda
- Transcribing agency: DLC
- Modifying agency: InU
- Modifying agency: NjUpM
- Modifying agency: DLC
046 ## - SPECIAL CODED DATES
- Birth date: 19700331
100 1# - HEADING--PERSONAL NAME
- Personal name: Murawski, Wendy W.
373 ## - ASSOCIATED GROUP
- Associated group: California State University, Northridge
- Source of term: naf
374 ## - OCCUPATION
- Occupation: College teachers
- Source of term: lcsh
375 ## - GENDER
- Gender: female
377 ## - ASSOCIATED LANGUAGE
- Language code: eng
670 ## - SOURCE DATA FOUND
- Source citation: Murawski, Wendy W. Collaborative teaching in secondary schools, c2009:
- Information found: ECIP t.p. (Wendy W. Murawski)
670 ## - SOURCE DATA FOUND
- Source citation: Leading the co-teaching dance, 2013:
- Information found: t.p. (Wendy Murawski) back cover (professor, Dept. of Special Education, California State Univ., Northridge)
670 ## - SOURCE DATA FOUND
- Source citation: So you think you can teach, c2018:
- Information found: ECIP t.p. (Wendy Murawski) data view (date of birth March 31, 1970)